[Event "Santo Domingo 86/290"]
[Site "?"]
[Date "2002.??.??"]
[Round "?"]
[White "Glek, I."]
[Black "Volkov, S."]
[Result "0-1"]
[WhiteElo "2576"]
[BlackElo "2642"]
[PlyCount "58"]
[EventDate "2002.??.??"]
[Source "Chess Informant"]
[SourceDate "2002.10.01"]

1. e4 e6 2. d4 d5 3. Nc3 Nf6 4. Bg5 Bb4 5. Nge2 dxe4 6. a3 Be7 7. Bxf6 gxf6 8. Nxe4 b6 9. Nf4 Bb7 10. Bb5+ Kf8 11. Ng3 h5 12. h4 e5 13. Nfxh5 Qxd4 14. Qxd4 exd4 15. O-O Nc6 16. f4 Rd8 17. Rae1 f5 18. Ng7 d3 19. N7xf5 Bc5+ 20. Kh2 dxc2 21. Ne4 Nd4 22. Nxc5 Nxf5 23. Nxb7 Rxh4+ 24. Kg1 Rd2 25. Rf2 Rd1 26. Rxc2 Rxe1+ 27. Kf2 Re4 28. Be2 Nd4 29. Bf3 Nxc2 0-1

[Event "Nederland"]
[Site "?"]
[Date "2000.??.??"]
[Round "?"]
[White "Polgar, S."]
[Black "Gurevich, M."]
[Result "1/2-1/2"]
[WhiteElo "2500"]
[BlackElo "2690"]
[PlyCount "112"]
[EventDate "2000.??.??"]
[Source "Chess Informant"]
[SourceDate "2000.06.01"]

1. e4 e6 2. d4 d5 3. Nc3 Nf6 4. Bg5 Bb4 5. Nge2 dxe4 6. a3 Be7 7. Bxf6 Bxf6 8. Nxe4 O-O 9. Qd3 e5 10. Qf3 Nd7 11. O-O-O exd4 12. Nxf6+ Nxf6 13. Rxd4 Qe7 14. h3 Bd7 15. Ng3 Bc6 16. Qd1 g6 17. Rg1 b5 18. Be2 Qe5 19. Qd2 Rfe8 20. Qf4 a5 21. Qxe5 Rxe5 22. Rd3 Rae8 23. Bf3 Bxf3 24. Rxf3 Kg7 25. Rd1 h5 26. h4 R8e7 27. a4 bxa4 28. Rf4 Ng4 29. f3 Ne3 30. Rd2 Rd5 31. Rxa4 Rxd2 32. Kxd2 Nxg2 33. Ne2 Rd7+ 34. Kc3 Rd6 35. Rc4 Ne3 36. Rc5 Nf5 37. Rxc7 Nxh4 38. Nd4 Ng2 39. Rc5 Nf4 40. Rxa5 h4 41. Kc4 h3 42. Ra1 Kh6 43. b4 Kh5 44. b5 Kh4 45. c3 h2 46. Kc5 Rd8 47. b6 Kg3 48. b7 Kg2 49. Nc6 Rh8 50. Kd6 h1=Q 51. Rxh1 Kxh1 52. c4 Kg2 53. Ke7 Ne6 54. b8=Q Rxb8 55. Nxb8 Kxf3 56. Kxf7 Nc5 1/2-1/2

[Event "Copenhagen op 17th"]
[Site "Copenhagen"]
[Date "1995.??.??"]
[Round "8"]
[White "Hector, Jonny"]
[Black "Glek, Igor V"]
[Result "0-1"]
[WhiteElo "2540"]
[BlackElo "2590"]
[PlyCount "48"]
[EventDate "1995.06.??"]
[Source "ChessBase"]

1. e4 e6 2. d4 d5 3. Nc3 Nf6 4. Bg5 Bb4 5. Nge2 h6 6. Bxf6 Qxf6 7. a3 Ba5 8. b4 Bb6 9. e5 Qe7 10. Na4 Bd7 11. c3 O-O 12. Nf4 Be8 13. g3 f6 14. exf6 Qxf6 15. Ra2 Nc6 16. h4 Bf7 17. Bg2 Rad8 18. O-O e5 19. dxe5 Nxe5 20. Nxd5 Qd6 21. c4 Nxc4 22. Nac3 Qxg3 23. Qe2 Rxd5 24. Qxc4 Rd6 0-1

[Event "Dubai op"]
[Site "Dubai"]
[Date "2001.04.23"]
[Round "8"]
[White "Galkin, Alexander"]
[Black "Anastasian, Ashot"]
[Result "1/2-1/2"]
[WhiteElo "2556"]
[BlackElo "2574"]
[PlyCount "65"]
[EventDate "2001.04.15"]
[Source "ChessBase"]
[SourceDate "2001.07.05"]

1. e4 e6 2. d4 d5 3. Nc3 Nf6 4. Bg5 Bb4 5. exd5 Qxd5 6. Bxf6 Bxc3+ 7. bxc3 gxf6 8. Qd2 Nd7 9. Ne2 b6 10. Nf4 Qd6 11. a4 Bb7 12. a5 Rg8 13. f3 e5 14. Nh5 Rg5 15. Ng3 exd4 16. cxd4 Rxa5 17. Rxa5 bxa5 18. c3 O-O-O 19. Bd3 Nc5 20. O-O Nxd3 21. Qxd3 a4 22. Ra1 c5 23. Rxa4 Qb6 24. Ne4 cxd4 25. cxd4 Kb8 26. Qc3 Ka8 27. Nc5 Bd5 28. h3 Qc7 29. Rb4 Qg3 30. Na6 Bb7 31. Nc7+ Kb8 32. Na6+ Ka8 33. Nc7+ 1/2-1/2

[Event "Copenhagen DEN"]
[Site "Copenhagen DEN"]
[Date "1995.??.??"]
[Round "8"]
[White "Hector, Jonny"]
[Black "Glek, Igor V"]
[Result "0-1"]
[WhiteElo "2540"]
[BlackElo "2590"]
[PlyCount "48"]
[EventDate "1995.??.??"]
[Source "www.chesslib.no"]
[SourceDate "2004.05.04"]

1. e4 e6 2. d4 d5 3. Nc3 Nf6 4. Bg5 Bb4 5. Nge2 h6 6. Bxf6 Qxf6 7. a3 Ba5 8. b4 Bb6 9. e5 Qe7 10. Na4 Bd7 11. c3 O-O 12. Nf4 Be8 13. g3 f6 14. exf6 Qxf6 15. Qc2 Nc6 16. f3 Bf7 17. c4 Rad8 18. Qc3 Rde8 19. Bg2 Nxb4 20. Nh3 Qxf3 21. Qd2 Qh5 22. Nc3 Bg6 23. Nd1 Rf5 24. Qxb4 Rg5 0-1

[Event "Smederero"]
[Site "?"]
[Date "1952.??.??"]
[Round "?"]
[White "Vukcevic"]
[Black "Panov, V."]
[Result "1-0"]
[WhiteElo "2560"]
[BlackElo "2560"]
[PlyCount "39"]
[EventDate "1952.??.??"]
[Source "www.chesslib.no"]
[SourceDate "2004.05.04"]

1. e4 e6 2. d4 d5 3. Nc3 Nf6 4. Bg5 Bb4 5. Bd3 dxe4 6. Bxe4 c5 7. Nf3 cxd4 8. Nxd4 Qa5 9. Bxf6 Bxc3+ 10. bxc3 Qxc3+ 11. Qd2 Qxa1+ 12. Ke2 Qb2 13. Rb1 Qxb1 14. Nxe6 Nd7 15. Nxg7+ Kf8 16. Ne6+ fxe6 17. Qd6+ Kg8 18. Qg3+ Kf8 19. Qg7+ Ke8 20. Qe7# 1-0

[Event "Buenos Aires"]
[Site "Buenos Aires"]
[Date "1911.??.??"]
[Round "?"]
[White "Illa Gelly"]
[Black "Capablanca, Jr"]
[Result "1/2-1/2"]
[WhiteElo "2560"]
[BlackElo "2560"]
[PlyCount "84"]
[EventDate "1911.??.??"]
[Source "www.chesslib.no"]
[SourceDate "2004.05.04"]

1. e4 e6 2. d4 d5 3. Nc3 Nf6 4. Bg5 Bb4 5. exd5 Qxd5 6. Nf3 Ne4 7. Bd2 Bxc3 8. bxc3 Nxd2 9. Qxd2 O-O 10. Bd3 c5 11. O-O c4 12. Be2 Nc6 13. Qe3 Bd7 14. Nd2 Na5 15. f4 Qf5 16. Nxc4 Nxc4 17. Bxc4 Qxc2 18. Bd3 Qa4 19. Qe4 g6 20. Qxb7 Rab8 21. Qa6 Rfc8 22. Qxa4 Bxa4 23. Rac1 Rb2 24. Rf2 Rcb8 25. Rcf1 Kf8 26. g4 Rxf2 27. Rxf2 Rc8 28. Bc2 Bb5 29. Rf3 a5 30. f5 Bc6 31. Re3 exf5 32. gxf5 Rb8 33. fxg6 hxg6 34. Bb3 a4 35. Bc4 Rb1+ 36. Kf2 Rd1 37. Rd3 Rh1 38. d5 Bd7 39. Kg2 Rc1 40. Re3 g5 41. d6 Rd1 42. Rd3 Rb1 1/2-1/2

[Event "Budapest"]
[Site "?"]
[Date "1957.??.??"]
[Round "?"]
[White "Honfi, K."]
[Black "Lengyel, L."]
[Result "0-1"]
[WhiteElo "2560"]
[BlackElo "2560"]
[PlyCount "74"]
[EventDate "1957.??.??"]
[Source "www.chesslib.no"]
[SourceDate "2004.05.04"]

1. e4 e6 2. d4 d5 3. Nc3 Nf6 4. Bg5 Bb4 5. Bd3 dxe4 6. Bxe4 c5 7. Nge2 cxd4 8. Nxd4 Bxc3+ 9. bxc3 Qa5 10. Bxf6 Qxc3+ 11. Qd2 Qxd2+ 12. Kxd2 gxf6 13. Rab1 Na6 14. Bxb7 Bxb7 15. Rxb7 O-O-O 16. Rxa7 Rxd4+ 17. Ke3 Nb8 18. Rb1 Rc4 19. Rxf7 Nd7 20. Rd1 Rd8 21. Rxh7 Rxc2 22. a4 Nb6 23. Rxd8+ Kxd8 24. a5 Nd5+ 25. Kf3 Ra2 26. Ra7 Nc7 27. h4 Nb5 28. Ra8+ Ke7 29. g4 Nd4+ 30. Ke3 Nc6 31. a6 Nb4 32. Ra7+ Kf8 33. g5 Rxa6 34. Rb7 Nd5+ 35. Kd4 Ra4+ 36. Kc5 Rxh4 37. Kd6 Re4 0-1

[Event "IBM"]
[Site "Amsterdam"]
[Date "1978.??.??"]
[Round "5"]
[White "Romanishin, Oleg M"]
[Black "Ree, Hans"]
[Result "1/2-1/2"]
[WhiteElo "2610"]
[BlackElo "2500"]
[PlyCount "103"]
[EventDate "1978.07.??"]
[Source "ChessBase"]

1. e4 e6 2. Nc3 d5 3. d4 Nf6 4. Bg5 Bb4 5. e5 h6 6. Bd2 Bxc3 7. bxc3 Ne4 8. Bc1 Nxc3 9. Qg4 g6 10. Qh3 Na4 11. Nf3 c5 12. dxc5 Nxc5 13. Be2 Qa5+ 14. Bd2 Qa4 15. O-O b6 16. Rfc1 Ba6 17. c4 Bxc4 18. Bxc4 dxc4 19. Ng5 Nc6 20. Qf3 hxg5 21. Rxc4 Qxc4 22. Qxc6+ Kf8 23. Qxa8+ Kg7 24. Qf3 Qd4 25. Bc3 Qf4 26. Qxf4 gxf4 27. Rd1 g5 28. f3 Rc8 29. Bb4 Kg6 30. g4 fxg3 31. hxg3 Rc7 32. g4 Rd7 33. Rxd7 Nxd7 34. Bc3 f6 35. exf6 Nxf6 36. Kf2 Nd5 37. Bd4 Nb4 38. a3 Nc6 39. Bc3 b5 40. Ke3 a5 41. Ke4 b4 42. axb4 axb4 43. Bb2 Ne7 44. Ke5 Kf7 45. Kd4 Ng6 46. Bc1 Kf6 47. Bb2 e5+ 48. Kd5 b3 49. Ba1 Nf4+ 50. Ke4 Ng6 51. Kd5 Ne7+ 52. Kd6 1/2-1/2

[Event "FRA-ch Second stage"]
[Site "Besancon"]
[Date "1999.08.24"]
[Round "1.4"]
[White "Degraeve, Jean Marc"]
[Black "Vaisser, Anatoli"]
[Result "0-1"]
[WhiteElo "2542"]
[BlackElo "2564"]
[PlyCount "76"]
[EventDate "1999.08.23"]
[Source "ChessBase"]
[SourceDate "1999.12.01"]

1. e4 e6 2. d4 d5 3. Nc3 Nf6 4. Bg5 Bb4 5. exd5 Qxd5 6. Bxf6 Bxc3+ 7. bxc3 gxf6 8. Nf3 b6 9. Be2 Bb7 10. O-O Rg8 11. c4 Qe4 12. d5 Nd7 13. g3 O-O-O 14. Nd2 Qg6 15. Bh5 Qg7 16. dxe6 fxe6 17. Qe2 e5 18. Nb3 Qe7 19. a4 a5 20. Bf3 e4 21. Bg2 f5 22. Rfe1 c5 23. Nd2 Ne5 24. Rad1 Kb8 25. Nf1 Rxd1 26. Rxd1 Qe6 27. Qh5 Qg6 28. Qh4 Nxc4 29. Qf4+ Ka7 30. Rd7 Rc8 31. Bh3 Qc6 32. Qxf5 e3 33. fxe3 Re8 34. e4 Ne5 35. Rxh7 Qxa4 36. Qh5 Qd4+ 37. Kh1 Qxe4+ 38. Kg1 Qd4+ 0-1

[Event "Korinthos 85/(269)"]
[Site "?"]
[Date "2000.??.??"]
[Round "?"]
[White "Turov, M."]
[Black "Glek, I."]
[Result "1-0"]
[WhiteElo "2539"]
[BlackElo "2553"]
[PlyCount "27"]
[EventDate "2000.??.??"]
[Source "Chess Informant"]
[SourceDate "2002.06.01"]

1. e4 e6 2. d4 d5 3. Nc3 Nf6 4. Bg5 Bb4 5. exd5 Qxd5 6. Bxf6 Bxc3+ 7. bxc3 gxf6 8. Qg4 Nd7 9. Bd3 Kf8 10. Qf4 h5 11. Qxc7 Qxg2 12. O-O-O Qxh1 13. Ne2 Qc6 14. Qd8+ 1-0

[Event "Deutschland"]
[Site "?"]
[Date "2000.??.??"]
[Round "?"]
[White "Van der Wiel, J."]
[Black "Glek, I."]
[Result "0-1"]
[WhiteElo "2540"]
[BlackElo "2535"]
[PlyCount "82"]
[EventDate "2000.??.??"]
[Source "Chess Informant"]
[SourceDate "2000.02.01"]

1. e4 e6 2. d4 d5 3. Nc3 Nf6 4. Bg5 Bb4 5. exd5 Qxd5 6. Bxf6 Bxc3+ 7. bxc3 gxf6 8. Qd2 Qa5 9. g3 Bd7 10. Bg2 Bc6 11. Nf3 Nd7 12. O-O O-O-O 13. Rfd1 Nb6 14. Qh6 Qxc3 15. Qxf6 Rhf8 16. Ne1 Bxg2 17. Kxg2 Nd5 18. Qf3 Rd6 19. Qxc3 Nxc3 20. Rd3 Rc6 21. Nf3 Nd5 22. Rd2 Rc3 23. Ng5 h6 24. Ne4 Rc4 25. Re1 b6 26. f4 Rd8 27. Kh3 Ne7 28. c3 Rd5 29. Ree2 Rh5+ 30. Kg4 Ra5 31. Nf6 Rxc3 32. Re5 Rca3 33. d5 Nxd5 34. Nxd5 exd5 35. Rf5 Rxa2 36. Rxa2 Rxa2 37. h4 d4 38. Rxf7 d3 39. Rf5 Ra5 40. Rf8+ Kd7 41. Kf3 Rd5 0-1

[Event "Bussum Open"]
[Site "Bussum"]
[Date "1995.??.??"]
[Round "6"]
[White "Schmittdiel, Eckhard"]
[Black "Glek, Igor V"]
[Result "1-0"]
[WhiteElo "2485"]
[BlackElo "2590"]
[PlyCount "107"]
[EventDate "1995.??.??"]
[Source "www.chesslib.no"]
[SourceDate "2004.05.04"]

1. e4 e6 2. d4 d5 3. Nc3 Nf6 4. Bg5 Bb4 5. exd5 Qxd5 6. Nf3 Ne4 7. Bd2 Bxc3 8. bxc3 b6 9. c4 Qd6 10. Be2 c5 11. Be3 Bb7 12. dxc5 Qxd1+ 13. Rxd1 Nxc5 14. Nd4 Nbd7 15. f3 Ke7 16. Bc1 Rhc8 17. Ba3 Ba6 18. Kf2 Ke8 19. Rhe1 Rc7 20. Bf1 Kf8 21. Rxe6 Re8 22. Rxe8+ Kxe8 23. Nf5 Kf8 24. Nd6 Nf6 25. Nb5 Bxb5 26. cxb5 Ke8 27. c4 Nfd7 28. f4 f5 29. Kf3 Nf6 30. h3 h5 31. Bxc5 Rxc5 32. a4 Rc7 33. a5 Ke7 34. axb6 axb6 35. Ra1 h4 36. Ra6 Nd7 37. Ra8 Kf6 38. Rh8 Ra7 39. Rxh4 Nc5 40. g4 Ra3+ 41. Kg2 Ne4 42. Rh8 Ra2+ 43. Kg1 Ra1 44. Rf8+ Kg6 45. gxf5+ Kh7 46. Kg2 Ra2+ 47. Kf3 Nd2+ 48. Ke2 Nxc4+ 49. Kd3 Nd6 50. Kd4 Rd2+ 51. Bd3 Nxb5+ 52. Ke3 Rb2 53. f6+ g6 54. Rd8 1-0

[Event "BL2-West 0102"]
[Site "Germany"]
[Date "2002.04.28"]
[Round "9.1"]
[White "Van der Wiel, John TH"]
[Black "Glek, Igor V"]
[Result "1/2-1/2"]
[WhiteElo "2498"]
[BlackElo "2574"]
[PlyCount "37"]
[EventDate "2001.10.07"]
[Source "ChessBase"]
[SourceDate "2002.07.08"]

1. e4 e6 2. d4 d5 3. Nc3 Nf6 4. Bg5 Bb4 5. exd5 Qxd5 6. Bxf6 Bxc3+ 7. bxc3 gxf6 8. Qg4 Bd7 9. Qg7 Rf8 10. Qxf6 Ba4 11. Qf4 Qa5 12. Qd2 Nc6 13. Nf3 O-O-O 14. Bd3 e5 15. O-O-O Bb5 16. Kb2 Bxd3 17. Qxd3 Rd6 18. Rhe1 exd4 19. Nxd4 1/2-1/2

[Event "American Continental 2nd"]
[Site "?"]
[Date "2003.08.27"]
[Round "9"]
[White "Sagalchik Gennadij"]
[Black "Nakamura Hikaru"]
[Result "0-1"]
[WhiteElo "2491"]
[BlackElo "2568"]
[PlyCount "76"]
[EventDate "2003.??.??"]
[Source "www.chesslib.no"]
[SourceDate "2004.05.04"]

1. d4 Nf6 2. Nc3 d5 3. Bg5 e6 4. e4 Bb4 5. Nge2 dxe4 6. a3 Be7 7. Bxf6 gxf6 8. Nxe4 f5 9. N4c3 c6 10. g3 b6 11. Bg2 Bb7 12. Qd3 Nd7 13. Nd1 Qc7 14. c4 O-O-O 15. Ne3 Kb8 16. Qc2 Bd6 17. f4 h5 18. h4 Nf6 19. O-O-O c5 20. d5 Rhe8 21. Nc3 a6 22. Rhe1 Rg8 23. Nf1 Rxg3 24. Nxg3 Bxf4+ 25. Kb1 Bxg3 26. Re2 Bc8 27. Rd3 Be5 28. Na4 Ka7 29. Rb3 Nd7 30. Bf3 Rg8 31. Bxh5 exd5 32. cxd5 b5 33. Nc3 c4 34. Rxb5 Bxc3 35. d6 Qxd6 36. Rxf5 Rg1+ 37. Ka2 Qxa3+ 38. bxa3 Ra1# 0-1

[Event "Bad Woerishofen op"]
[Site "Bad Woerishofen"]
[Date "2001.03.22"]
[Round "8"]
[White "Jenni, Florian"]
[Black "Glek, Igor V"]
[Result "0-1"]
[WhiteElo "2493"]
[BlackElo "2551"]
[PlyCount "66"]
[EventDate "2001.03.15"]
[Source "ChessBase"]
[SourceDate "2001.05.06"]

1. e4 e6 2. d4 d5 3. Nc3 Nf6 4. Bg5 Bb4 5. exd5 Qxd5 6. Bxf6 Bxc3+ 7. bxc3 gxf6 8. Qg4 Bd7 9. Qg7 Rf8 10. Qxf6 Ba4 11. Qf4 Qa5 12. Qd2 Nc6 13. Bd3 O-O-O 14. f4 f6 15. Nf3 e5 16. fxe5 fxe5 17. O-O exd4 18. Ng5 dxc3 19. Qe3 Rg8 20. Ne4 Nd4 21. Rf2 Qe5 22. Raf1 Bc6 23. Qf4 Qg7 24. Ng3 h5 25. Qh4 Qg5 26. Qxh5 Qe3 27. Kh1 Rh8 28. Qg4+ Kb8 29. Qf4 Qe6 30. Qg5 a6 31. a3 Qh3 32. Qxd8+ Rxd8 33. Be4 Bxe4 0-1

[Event "Berliner Sommer"]
[Site "Berlin GER"]
[Date "1992.??.??"]
[Round "?"]
[White "Hickl, Joerg"]
[Black "Piskov, Yury"]
[Result "1-0"]
[WhiteElo "2540"]
[BlackElo "2500"]
[PlyCount "67"]
[EventDate "1992.08.??"]
[Source "www.chesslib.no"]
[SourceDate "2004.05.04"]

1. e4 e6 2. d4 d5 3. Nc3 Nf6 4. Bg5 Bb4 5. exd5 Qxd5 6. Bxf6 gxf6 7. Nf3 Qa5 8. Qd3 Nd7 9. Nd2 Bxc3 10. bxc3 Nb6 11. Nb3 Qg5 12. g3 Bd7 13. Bg2 Bb5 14. h4 Qh5 15. Qf3 Qxf3 16. Bxf3 O-O-O 17. Nc5 e5 18. Bxb7+ Kb8 19. O-O-O Na4 20. Nxa4 Kxb7 21. Nb2 Rhe8 22. c4 Ba6 23. Rhe1 exd4 24. Rxe8 Rxe8 25. Rxd4 Re1+ 26. Kd2 Ra1 27. a4 Ra2 28. Kc3 Ra3+ 29. Kb4 Rf3 30. Nd3 Kc6 31. Rd8 Bb7 32. a5 h5 33. Rb8 Rf5 34. Ka4 1-0

[Event "It (Open) Ledyard USA"]
[Site "?"]
[Date "2006.04.14"]
[Round "5"]
[White "Anderson Renard W"]
[Black "Nakamura Hikaru"]
[Result "0-1"]
[WhiteElo "2277"]
[BlackElo "2755"]
[PlyCount "72"]
[EventDate "2006.??.??"]
[Source "www.chesslib.no"]
[SourceDate "2004.05.04"]

1. e4 e6 2. d4 d5 3. Nc3 Nf6 4. Bg5 Bb4 5. Nge2 h6 6. Bxf6 Qxf6 7. a3 Ba5 8. Qd3 dxe4 9. Qxe4 O-O 10. f4 Bd7 11. O-O-O Nc6 12. g4 Ne7 13. Rg1 Bc6 14. Qe3 Nd5 15. Nxd5 exd5 16. Ng3 Rfe8 17. Qf3 g6 18. Bd3 Bb6 19. c3 Ba4 20. Bc2 Bxc2 21. Kxc2 c6 22. h4 Bc7 23. Rdf1 Qxh4 24. Rh1 Qe7 25. Rxh6 Qe3 26. Qh1 Qxg3 27. Rh8+ Kg7 28. Qh6+ Kf6 29. Rh7 Rf8 30. g5+ Ke7 31. Qxg6 Qg2+ 32. Kb3 Qxf1 33. Qf6+ Ke8 34. g6 Qc4+ 35. Kc2 Qe2+ 36. Kb3 Qe7 0-1

[Event "I Grand Prix "]
[Site "Arequipa"]
[Date "2003.??.??"]
[Round "?"]
[White "Granda Zuniga, Julio"]
[Black "Kastanieda, Georgiy"]
[Result "0-1"]
[WhiteElo "2625"]
[BlackElo "2405"]
[PlyCount "70"]
[EventDate "2003.02.02"]
[Source "Roberto Alvarez"]
[SourceDate "2003.03.03"]

1. d4 e6 2. e4 d5 3. Nc3 Nf6 4. Bg5 Bb4 5. e5 h6 6. Bd2 Bxc3 7. bxc3 Ne4 8. Bd3 Nxd2 9. Qxd2 c5 10. f4 Nc6 11. Nf3 Qa5 12. Rb1 a6 13. g4 Qxa2 14. O-O Qa5 15. Ra1 Qb6 16. Qe3 c4 17. Be2 Bd7 18. Nd2 g6 19. Bxc4 dxc4 20. Nxc4 Qc7 21. Nd6+ Kf8 22. f5 exf5 23. gxf5 Bxf5 24. c4 Ne7 25. c5 Be6 26. c4 Nf5 27. Qf2 Qe7 28. Rae1 Nxd6 29. cxd6 Qg5+ 30. Qg3 Qxg3+ 31. hxg3 Bxc4 32. e6 Bxf1 33. Rxf1 f5 34. Rc1 Rh7 35. d5 Rd8 0-1

[Event "Danube Summer, Tekija YUG"]
[Site "?"]
[Date "2001.??.??"]
[Round "4"]
[White "Markovic, Miros"]
[Black "Jacimovic, D."]
[Result "1/2-1/2"]
[WhiteElo "2535"]
[BlackElo "2485"]
[PlyCount "62"]
[EventDate "2001.??.??"]
[Source "www.chesslib.no"]
[SourceDate "2004.05.04"]

1. d4 Nf6 2. Nc3 e6 3. e4 d5 4. Bg5 Bb4 5. exd5 Qxd5 6. Bxf6 Bxc3+ 7. bxc3 gxf6 8. Nf3 Bd7 9. c4 Qe4+ 10. Qe2 Bc6 11. Rd1 Qxe2+ 12. Bxe2 Be4 13. c3 Nd7 14. O-O Rg8 15. g3 O-O-O 16. Nd2 Bc2 17. Rc1 Bf5 18. Nb3 c5 19. Bf3 b6 20. Rfd1 Kc7 21. Rd2 e5 22. Rcd1 Be6 23. Be2 Bf5 24. a4 Be4 25. Bh5 Bc6 26. Bxf7 Rgf8 27. Bd5 Bxa4 28. Ra1 Bxb3 29. Rxa7+ Kb8 30. Ra8+ Kc7 31. Ra3 cxd4 1/2-1/2

[Event "Rotterdam k.o."]
[Site "Rotterdam NED"]
[Date "1990.??.??"]
[Round "3"]
[White "Van der Wiel, John T H"]
[Black "Ree, Hans"]
[Result "1-0"]
[WhiteElo "2550"]
[BlackElo "2455"]
[PlyCount "86"]
[EventDate "1990.??.??"]
[Source "www.chesslib.no"]
[SourceDate "2004.05.04"]

1. e4 e6 2. d4 d5 3. Nc3 Nf6 4. Bg5 Bb4 5. exd5 Qxd5 6. Bxf6 Bxc3+ 7. bxc3 gxf6 8. Qd2 Nd7 9. Ne2 Nb6 10. Nf4 Qg5 11. Be2 Bd7 12. h4 Qh6 13. c4 Bc6 14. c5 Nd5 15. Nh5 Qxd2+ 16. Kxd2 O-O-O 17. Rhd1 f5 18. g3 Ne7 19. Ke1 Ng6 20. f4 Ne7 21. c4 Be4 22. Rd2 Rhg8 23. Kf2 Rg6 24. Rad1 c6 25. Rg1 Ng8 26. g4 fxg4 27. Rxg4 Nh6 28. Rg5 Rdg8 29. Ng3 Bf5 30. d5 f6 31. Rxg6 Rxg6 32. dxc6 bxc6 33. Rd6 Bg4 34. Bd3 f5 35. Rxc6+ Kb7 36. Rd6 Kc7 37. Ra6 Kb7 38. Ra3 Rg7 39. Bf1 Bd1 40. Ke1 Ba4 41. Nh5 Rg4 42. Rxa4 Rxh4 43. Bg2+ Kb8 1-0

[Event "ch-AUT"]
[Site "Hartberg"]
[Date "2003.07.27"]
[Round "1"]
[White "Lendwai, Reinhard"]
[Black "Stanec, Nikolaus"]
[Result "0-1"]
[WhiteElo "2444"]
[BlackElo "2560"]
[PlyCount "106"]
[EventDate "2003.07.29"]
[Source "Roberto Alvarez"]
[SourceDate "2003.08.11"]

1. e4 e6 2. d4 d5 3. Nc3 Nf6 4. Bg5 Bb4 5. exd5 Qxd5 6. Bxf6 gxf6 7. a3 Bxc3+ 8. bxc3 Bd7 9. Be2 Qa5 10. Qd2 Rg8 11. Bf3 Bc6 12. g3 h5 13. h4 f5 14. c4 Qxd2+ 15. Kxd2 Bxf3 16. Nxf3 Nc6 17. Kc3 O-O-O 18. Rad1 Rg4 19. d5 exd5 20. Rxd5 f4 21. Rxh5 fxg3 22. Rg5 g2 23. Rg1 Rf4 24. Rg3 Nd4 25. Nxd4 Rdxd4 26. h5 Rxc4+ 27. Kb3 Rc5 28. R1xg2 Rb5+ 29. Kc3 Rxh5 30. Rd3 b6 31. f3 Rc5+ 32. Kb3 Rcf5 33. Rf2 Kb7 34. Kc3 a5 35. Kd2 Rc5 36. Kd1 Kc6 37. Kc1 Rfc4 38. Rg2 Rc3 39. Rgd2 Rxd3 40. Rxd3 Rd5 41. Re3 Kd6 42. Re8 Re5 43. Rd8+ Ke6 44. Rd3 Rc5 45. Kb2 Ke5 46. Kb3 Kf4 47. Kb2 Kg3 48. Kc1 f5 49. Kb2 f4 50. Kb3 Re5 51. c3 Kf2 52. Rd7 Rc5 53. Rd3 Ke2 0-1

[Event "Moscow7 Open"]
[Site "Moscow RUS"]
[Date "1991.??.??"]
[Round "?"]
[White "Unzicker, Wolfgang"]
[Black "Glek, Igor V"]
[Result "1/2-1/2"]
[WhiteElo "2455"]
[BlackElo "2540"]
[PlyCount "29"]
[EventDate "1991.09.??"]
[Source "www.chesslib.no"]
[SourceDate "2004.05.04"]

1. e4 e6 2. d4 d5 3. Nc3 Nf6 4. Bg5 Bb4 5. Nge2 dxe4 6. a3 Be7 7. Bxf6 Bxf6 8. Nxe4 O-O 9. Qd3 e5 10. O-O-O exd4 11. Nxf6+ Qxf6 12. Qxd4 Nd7 13. Nc3 c6 14. Be2 Re8 15. Bf3 1/2-1/2

[Event "Beersheba 16th"]
[Site "Beersheba"]
[Date "1997.03.06"]
[Round "10"]
[White "Golod, Vitali"]
[Black "Mikhalevski, Alexander"]
[Result "1/2-1/2"]
[WhiteElo "2515"]
[BlackElo "2470"]
[PlyCount "68"]
[EventDate "1997.02.24"]
[Source "ChessBase"]

1. d4 Nf6 2. Nc3 d5 3. Bg5 e6 4. e4 Bb4 5. Nge2 dxe4 6. a3 Be7 7. Bxf6 Bxf6 8. Nxe4 e5 9. Nxf6+ Qxf6 10. dxe5 Qxe5 11. Qd4 Nc6 12. Qxe5+ Nxe5 13. Nc3 Bd7 14. f4 Ng4 15. Bd3 O-O-O 16. O-O Rhe8 17. Rae1 Ne3 18. Rf2 Nf5 19. Rfe2 Rxe2 20. Rxe2 Nd4 21. Re5 h6 22. Kf2 Nc6 23. Re3 Nd4 24. Re5 Nc6 25. Re3 Nd4 26. Ne2 Nxe2 27. Kxe2 Re8 28. b4 b6 29. Kd2 Kd8 30. Rg3 g6 31. Bc4 Ke7 32. Re3+ Kf6 33. Rxe8 Bxe8 34. Ke3 Ke7 1/2-1/2

[Event "Skanska Open"]
[Site "Pardubice"]
[Date "2004.07.26"]
[Round "4"]
[White "Turov, Maxim"]
[Black "Bromberger, Stefan"]
[Result "1-0"]
[WhiteElo "2536"]
[BlackElo "2440"]
[PlyCount "89"]
[EventDate "2004.07.23"]
[Source "Roberto Alvarez"]
[SourceDate "2004.08.10"]

1. e4 e6 2. d4 d5 3. Nc3 Nf6 4. Bg5 Bb4 5. exd5 Qxd5 6. Bxf6 gxf6 7. Qd2 Qg5 8. f4 Bxc3 9. bxc3 Qa5 10. Nf3 Bd7 11. Bc4 Bc6 12. O-O Nd7 13. f5 e5 14. Rae1 O-O-O 15. Bxf7 Bxf3 16. Rxf3 exd4 17. Be6 Kb8 18. Rd3 Ne5 19. Rxd4 c5 20. Rd6 Qb6 21. Rd1 Qxd6 22. Qxd6+ Rxd6 23. Rxd6 Kc7 24. Rd5 b6 25. Kf2 h5 26. Rd2 Rh7 27. Re2 Rg7 28. h3 Rg5 29. Re4 Kc6 30. Re3 h4 31. Re4 Rh5 32. Ke3 Kd6 33. Kf4 Rh7 34. Ke3 Rh5 35. Kf2 Rh7 36. Ra4 a5 37. c4 Nc6 38. Ra3 Nd4 39. Rd3 Ke5 40. Re3+ Kd6 41. Bd5 Rh5 42. c3 Rxf5+ 43. Kg1 Nc2 44. Re6+ Kc7 45. Be4 1-0

[Event "Polanica Zdroj op"]
[Site "Polanica Zdroj"]
[Date "1999.08.25"]
[Round "10"]
[White "Tobak, Andrey"]
[Black "Malakhatko, Vadim"]
[Result "0-1"]
[WhiteElo "2421"]
[BlackElo "2537"]
[PlyCount "62"]
[EventDate "1999.08.17"]
[Source "www.chesslib.no"]
[SourceDate "2004.05.04"]

1. d4 Nf6 2. Nc3 d5 3. Bg5 e6 4. e4 Bb4 5. Nge2 dxe4 6. a3 Be7 7. Bxf6 gxf6 8. Nxe4 b6 9. N2c3 Bb7 10. Qf3 c6 11. O-O-O f5 12. Ng3 Nd7 13. Nh5 Nf6 14. Bc4 Qc7 15. Nxf6+ Bxf6 16. g4 O-O-O 17. gxf5 Bxd4 18. fxe6 fxe6 19. Bxe6+ Kb8 20. Qg3 Be5 21. Rxd8+ Rxd8 22. Qh3 c5 23. Re1 Bxh2 24. Qf5 Qf4+ 25. Kb1 Qxf5 26. Bxf5 h5 27. Re7 Rh8 28. Be4 Bxe4 29. Nxe4 h4 30. Nf6 h3 31. Ng4 Bg1 0-1

[Event "ROM Ch"]
[Site "Bucharest ROM"]
[Date "1994.??.??"]
[Round "6"]
[White "Negulescu, Adrian"]
[Black "Schwartzman, Gabriel"]
[Result "0-1"]
[WhiteElo "2450"]
[BlackElo "2500"]
[PlyCount "78"]
[EventDate "1994.11.??"]
[Source "www.chesslib.no"]
[SourceDate "2004.05.04"]

1. e4 e6 2. d4 d5 3. Nc3 Nf6 4. Bg5 Bb4 5. exd5 Qxd5 6. Bxf6 gxf6 7. Nge2 Nc6 8. a3 Bxc3+ 9. Nxc3 Qxd4 10. Qxd4 Nxd4 11. O-O-O c5 12. Ne4 b6 13. c3 Nf5 14. g4 Nh4 15. Nxf6+ Ke7 16. g5 Rb8 17. Be2 h6 18. f4 Ng2 19. Nh5 Bb7 20. Rhg1 hxg5 21. fxg5 Rhg8 22. h4 Nxh4 23. Nf6 Rgd8 24. Rdf1 Ng6 25. Ng4 Be4 26. Rf6 Rd5 27. Nh6 Ne5 28. Bh5 Rf8 29. Rgf1 Nd3+ 30. Kd2 Nxb2+ 31. Ke3 Rxg5 32. Rxf7+ Rxf7 33. Rxf7+ Kd6 34. Be2 Bg6 35. Rxa7 Rg3+ 36. Kd2 Ke5 37. Ra6 Rg2 38. Ng4+ Kf4 39. Ne3 Rxe2+ 0-1